000 00653cab a2200217 4500
001 ABS55044
008 090401t1996 xxu||||| |||| 00| 0 eng d
035 _a(Sirsi) u13777
041 _aeng
100 _aO`Brien, S.
245 _aAppeals process may speed up as new rules are devised
260 _c1996
350 _a0
490 _aProperty Week
_v55(3) 18 April 1996, 30-31(2)
520 _aLooks at the proposals in a draft DoE circular to make changes to the Planning Appeals Procedure.
650 _aPLANNING APPEAL PROCEDURES
650 _aPLANNING APPEALS
690 _aPLANNING LAW AND PRACTICE
942 _n0
948 _c04/03/1997
999 _c8878
_d8878